000 00525nam a2200217Ia 4500
003 OSt
005 20220928140640.0
006 a|||||r|||| 00| 0
007 ta
008 220927b |||||||| |||| 00| 0 eng d
024 _a10438
037 _cTextual
040 _aSDCL
_cSDCL
_beng
041 _2eng
_aeng
082 _aC215, M3
100 _aElliott S R
_9496562
245 0 _aPhysics of amorphous materials
260 _c1983
942 _hC215, M3
_cTEXL
_2CC
999 _c812951
_d812951